Great Food Double Acts: You name the other half of the duo - Statistics

General Stats
  • This quiz has been taken 68 times
  • The average score is 11 of 15
Answer Stats
Hint Answer % Correct
Fish and Chips
100%
Peaches and Cream
97%
Macaroni and Cheese
95%
Burgers and Fries
95%
Bacon and Eggs
93%
Peanut Butter and Jelly
93%
Pancakes and Maple Syrup
87%
Tea and Biscuits/Crumpets
80%
Milk and Cookies
74%
Bagel and Cream Cheese
69%
Sour cream and Onion
52%
Bubble and Squeak
48%
Sausage and Mash
41%
Hummus and Pita
39%
Boiled Beef and Carrots
31%
No matching quizzes found
Score Distribution
Percent of People with Each Score
Percentile by Number Answered
Your Score History
You have not taken this quiz